000 00734nam a2200217Ia 4500
003 GCL
008 140319s9999 xx 000 0 ara d
040 _aGCL /
_cGCL
082 0 4 _a418.02
_bا ت
100 1 _aانطوان شكرى مطر
245 1 0 _aالتمارين التطبيقية لكتاب الترجمة العملية /
_cانطوان شكرى مطر
300 _a337 ص
490 _aالهيئة العامة للاستعلامات
_v0
650 0 4 _aالترجمة العربية
650 0 4 _aاللغات
650 0 4 _aالترجمة
650 0 4 _aالترجمة الفرنسية
650 0 4 _aاللغة الفرنسية - ترجمة
650 0 4 _aاللغة العربية - ترجمة
942 _2ddc
_cBK
999 _c50673
_d50673